000 00961nam a2200301 i 4500
001 bg
003 BPK
005 20211227135644.0
008 010203s2000 pl f |001 0 pol d
020 _a8371014309
040 _cBPK
041 1 _apol
_heng
080 _a004.438
080 _a(07)
100 1 _aPappas, Chris H.
245 1 0 _aVisual C++ 6 :
_bkompendium wiedzy /
_cChris H. Pappas, William H. Murray, III ; [tł. Rafał Lelusz, Tomasz Malec, Roman Nowak].
260 _aWarszawa :
_bPLJ,
_c2000.
300 _a1014 s. :
_brys. ;
_c25 cm.
504 _aIndeks.
655 4 _aPodręcznik
650 4 _aVisual C++
700 1 _aMurray, William H.,
_d(1943- ).
700 1 _aLelusz, Rafał.
_eTł.
700 1 _aMalec, Tomasz.
_eTł.
700 1 _aNowak, Roman.
_eTł.
856 _uhttp://koha.tu.koszalin.pl/cgi-bin/koha/opac-detail.pl?biblionumber=37049
_yKatalog online BPK
942 _cKS
_2UKD
999 _c37049
_d37049